000 00509nam a22001697a 4500
005 20251108164800.0
008 250721s1982 xx 000 0 ara d
082 1 4 _a370.9/فرح
100 1 _aفرحان، إسحق أحمد
245 1 0 _aالتربية الإسلامية بين الأصالة و المعاصرة /
264 1 _aعمان :
_bدار الفرقان،
_c1982.
300 _a127ص.
650 1 7 _aالتربية
650 1 7 _aتاريخ التربية
942 _2ddc
_cBK
999 _c14241
_d14241